000 00523nam a2200193 a 4500
001 1770887830649
003 YourLibrary
005 20260213123549.0
008 260212s2004##################000#0#eng##
020 _a9780747568490
082 0 4 _a306.8745
_bFIG
100 1 _aFiges, Eva,
_eauthor.
245 1 0 _aTales of Innocence and Experience :
260 _bBloomsbury Paperbacks,
_c2004.
300 _a192 pages
650 0 _aBiography & Autobiography.
942 _cENGLISH
040 _aYourLibrary
_beng
_cYourLibrary
999 _c612268
_d612268